000 00526nam a2200193Ia 4500
003 OSt
005 20250121155145.0
008 210210b2003 xxu||||| |||| 00| 0 eng d
040 _cAL
041 _aKannada
082 _aK894.3 PRAT
100 _aPRABHAKARA (Nirmarga).
_dಪ್ರಭಾಕರ ನೀರ್ ಮಾರ್ಗ.
_9194359
245 _aTambila.
_bತಂಬಿಲ
260 _aMulky
_bSheni Prakashana
_c2003
300 _axiv,247
690 _aKannada Fiction
_9194360
906 _a059494
942 _2ddc
_cBK
999 _c106599
_d106599